QCM sur Minecraft - Statistiques

Statistiques générales
  • Ce quiz a été pris 97 fois
  • Le résultat moyen est 8 sur 10
Statistiques - réponses
Question Réponse % Correct
Quel est le nom du boss final de Minecraft ? Ender Dragon
99%
Avec quel mode est-il possible de construire avec tous les blocs ? Le mode Créatif
99%
Quel studio de jeu vidéo a développé Minecraft ? Mojang Studios
97%
Lequel de ces animaux ne trouve-on pas dans Minecraft ? Taupe
95%
Quel est le matériaux le plus rare de Minecraft que l'on peut trouver ? L'émeraude de roche profonde
89%
Lequel de ces mobs n’apparaît que dans le Nether ? Wither Skeleton
81%
Quel est le serveur Minecraft le plus populaire ? Hypixel
74%
Qu'est ce que Lunar Client ? Un launcher de Minecraft
63%
Quel aliment redonne le plus de points de faim (saturation) ? Carotte dorée
60%
Combien de skins de joueur existe-t-il par défaut en 2025 dans Minecraft ? 9
13%
Aucun quiz correspondant
Distribution des résultats
% des personnes avec chaque résultat
Percentile par nombre de réponses
Votre historique - résultats
Vous n’avez pas pris ce quiz